Аудит. Экзаменационные ответы: учебное пособие

Dettagli Bibliografici
Autore principale: Хахонова Н. Н. Наталья Николаевна
Riassunto:Исключено из фонда НТБ ТПУ
Lingua:russo
Pubblicazione: Ростов-на-Дону, Феникс, 2003
Serie:Сдаем экзамен
Natura: MixedMaterials Libro
KOHA link:https://koha.lib.tpu.ru/cgi-bin/koha/opac-detail.pl?biblionumber=58379

MARC

LEADER 00000nam0a2200000 4500
001 58379
005 20231031055041.0
010 |a 5222029441 
035 |a (RuTPU)RU\TPU\book\61662 
090 |a 58379 
100 |a 20031201d2003 m y0rusy50 ca 
101 0 |a rus 
102 |a RU 
105 |a y j 001zy 
200 1 |a Аудит. Экзаменационные ответы  |e учебное пособие  |f Н. Н. Хахонова 
210 |a Ростов-на-Дону  |c Феникс  |d 2003 
215 |a 320 с. 
225 1 |a Сдаем экзамен 
320 |a Библиогр.: с. 227. 
333 |a Исключено из фонда НТБ ТПУ 
700 1 |a Хахонова  |b Н. Н.  |g Наталья Николаевна 
801 1 |a RU  |b 63413507  |c 20031201  |g PSBO 
801 2 |a RU  |b 63413507  |c 20150824  |g PSBO 
942 |c BK